Zmeny v európskom poisťovníctve

Štrukturálne zmeny v Európskom poisťovníctve. Transformačný proces v poisťovacom odbore. Zvýšenie konkurencie. Finančné výsledky poisťovní. Dôležité faktory medzinárodného prepojenia trhov. Proces internacionalizácie a cezhraničný obchod. Produktový mix a liberalizácia trhu. Vznik inovatívnych model...

Full description

Saved in:
Bibliographic Details
Main Author: Štěpánek, Lukáš
Format: Book Chapter
Language:Slovak
Subjects:
Tags: Add Tag
No Tags, Be the first to tag this record!

MARC

LEADER 00000naa$a2200000$$$4500
001 0098856
005 20231107121807.3
041 0 |a slo 
044 |a SK 
245 1 0 |a Zmeny v európskom poisťovníctve  |c Lukáš Štěpánek 
520 |a Štrukturálne zmeny v Európskom poisťovníctve. Transformačný proces v poisťovacom odbore. Zvýšenie konkurencie. Finančné výsledky poisťovní. Dôležité faktory medzinárodného prepojenia trhov. Proces internacionalizácie a cezhraničný obchod. Produktový mix a liberalizácia trhu. Vznik inovatívnych modelov. Dodávateľské reťazce a poistno-technické obchodné procesy. 
610 2 0 |a zmeny štruktúrne 
610 2 0 |a poisťovne 
610 2 0 |a transformácia 
610 2 0 |a trh poistný 
610 2 0 |a konkurencia 
610 2 0 |a spolupráca medzinárodná 
610 2 0 |a poisťovníctvo 
610 2 0 |a deregulácia 
610 2 0 |a Európska únia 
100 1 |a Štěpánek, Lukáš